LEADER 03038nam 2200649 450 001 9910458302903321 005 20210421194025.0 010 $a0-520-27617-5 010 $a0-520-95838-1 024 7 $a10.1525/9780520958388 035 $a(CKB)2550000001308584 035 $a(EBL)1693647 035 $a(OCoLC)880826929 035 $a(SSID)ssj0001224385 035 $a(PQKBManifestationID)11707162 035 $a(PQKBTitleCode)TC0001224385 035 $a(PQKBWorkID)11261720 035 $a(PQKB)10311977 035 $a(MiAaPQ)EBC1693647 035 $a(DE-B1597)519597 035 $a(DE-B1597)9780520958388 035 $a(Au-PeEL)EBL1693647 035 $a(CaPaEBR)ebr10874623 035 $a(CaONFJC)MIL614068 035 $a(EXLCZ)992550000001308584 100 $a20140531h20142014 uy 0 101 0 $aeng 135 $aur|nu---|u||u 181 $ctxt 182 $cc 183 $acr 200 10$aField guide to birds of the northern California coast /$fRich Stallcup and Jules Evens ; graphites by Keith Hansen 210 1$a[Berkeley, California] :$cUniversity of California Press,$d2014. 210 4$dİ2014 215 $a1 online resource (379 p.) 225 1 $aCalifornia Natural History Guides ;$vNumber 109 300 $aDescription based upon print version of record. 311 $a0-520-27616-7 311 $a1-306-82817-1 320 $aIncludes bibliographical references and index. 327 $tFront matter --$tCONTENTS --$tPreface --$tAcknowledgments --$tINTRODUCTION --$tFAMILY AND SPECIES ACCOUNTS --$tBIRDING OPPORTUNITIES AND ROADSIDE NATURE CENTERS --$tOccurrence Charts --$tGlossary --$tReferences --$tIndex --$tABOUT THE AUTHORS 330 $aThe Northern California coast--from Monterey County to the Oregon border--is home to some of the richest avian habitats on the North American continent. Field Guide to Birds of the Northern California Coast provides a comprehensive ecological overview of this extensive and diverse region. It features detailed discussions of the area's most common water birds, raptors, and land birds and highlights the most productive birding sites in each Northern California coastal county. Accessibly written and user-friendly, this guide contains nearly 250 species accounts that focus on seasonal rhythms and behavioral characteristics of each species. More than 130 color photographs and hand-drawn sketches depict the birds in context, and maps and occurrence charts indicate when readers might spot each species. 410 0$aCalifornia natural history guides ;$vNumber 109. 606 $aShore birds$zCalifornia, Northern 608 $aElectronic books. 615 0$aShore birds 676 $a598.3/309794 700 $aStallcup$b Rich$01026477 702 $aEvens$b Jules 702 $aHansen$b Keith 801 0$bMiAaPQ 801 1$bMiAaPQ 801 2$bMiAaPQ 906 $aBOOK 912 $a9910458302903321 996 $aField guide to birds of the northern California coast$92454584 997 $aUNINA LEADER 02243oam 2200493I 450 001 9910511781503321 010 $a1-315-62234-3 010 $a1-317-22273-3 024 7 $a10.4324/9781315622347 035 $a(CKB)3710000000749018 035 $a(MiAaPQ)EBC4586247 035 $a(OCoLC)953692283 035 $a(EXLCZ)993710000000749018 100 $a20180706e20171987 uy 0 101 0 $aeng 135 $aurcnu|||||||| 181 $2rdacontent 182 $2rdamedia 183 $2rdacarrier 200 00$aAuditory processing of complex sounds /$fedited by William A. Yost and Charles S. Watson 210 1$aLondon :$cRoutledge,$d2017. 215 $a1 online resource (345 pages) $cillustrations 225 0 $aPsychology Library Editions: Cognitive Science ;$vVolume 27 300 $aFirst published in 1987 by Lawrence Erlbaum Associates, Inc. 311 $a1-138-65576-7 311 $a1-138-65575-9 320 $aIncludes bibliographical references at the end of each chapters and indexes. 327 $asect. I. Spectral pattern processing : interaction among critical bands, profile analysis, and co-modulation masking release -- sect. II. Temporal pattern processing : rhythm, spectral synchrony, amplitude-modulation, and binaural precedence -- sect. III. Pitch of complex sounds : virtual pitch, central spectrum, theories, and animal models -- sect. IV. Auditory peripheral phsyiology : rate and synchrony codes -- sect. V. Speech perception : speech versus non-speech perception and a new model -- sect. VI. Perceptual organization of complex sounds : informational masking, stimulus uncertainty, learning, attention, memory, and stream segregation. 410 0$aCognitive science (Lawrence Erlbaum Associates) 606 $aAuditory perception$vCongresses 606 $aPsychoacoustics$vCongresses 608 $aElectronic books. 615 0$aAuditory perception 615 0$aPsychoacoustics 676 $a152.1/5 701 $aWatson$b Charles S$02674 701 $aYost$b William A$0916499 801 0$bMiAaPQ 801 1$bMiAaPQ 801 2$bMiAaPQ 906 $aBOOK 912 $a9910511781503321 996 $aAuditory processing of complex sounds$92553092 997 $aUNINA